Normal view
MARC view
Entry Personal Name
001 - CONTROL NUMBER
- control field: 40158
003 - CONTROL NUMBER IDENTIFIER
- control field: dpl
005 - DATE AND TIME OF LATEST TRANSACTION
- control field: 20120125145614.0
008 - FIXED-LENGTH DATA ELEMENTS
- fixed length control field: 120125|||a|||||| | ||| d
040 ## - CATALOGING SOURCE
- Original cataloging agency: dpl
- Transcribing agency: dpl
100 ## - HEADING--PERSONAL NAME
- Personal name: दास, मनोज
670 ## - SOURCE DATA FOUND
- Source citation: Work cat.: (dpl): दास, मनोज, स्वर्ण-घाटी की जनगाथा /, 2011
670 ## - SOURCE DATA FOUND
- Source citation: Work cat.: (dpl): दास, मनोज, स्वर्ण-घाटी की जनगाथा /, 2011
